| Tag |
First Indicator |
Second Indicator |
Subfields |
| LEADER |
00000pam a2200000 a 4500 |
| 001 |
in00000575021 |
| 005 |
20151014060000.0 |
| 008 |
831118s1984 inua 00110 eng |
| 010 |
|
|
|a 83021550
|
| 019 |
|
|
|a 11474453
|
| 020 |
|
|
|a 0672233983
|
| 035 |
|
|
|a (OCoLC)10185528
|
| 035 |
|
|
|9 ACM6494AM
|
| 039 |
0 |
|
|a 2
|b 3
|c 3
|d 3
|e 3
|
| 040 |
|
|
|a DLC
|c DLC
|d TXA
|d UtOrBLW
|
| 049 |
|
|
|a TXAM
|c [A09173093]
|
| 050 |
0 |
0 |
|a TK260
|b .P33 1984
|
| 082 |
0 |
|
|a 621.319/24/0218
|2 19
|
| 100 |
1 |
|
|a Palmquist, Roland E.
|
| 245 |
1 |
0 |
|a Guide to the 1984 National Electrical Code /
|c by Roland E. Palmquist.
|
| 264 |
|
1 |
|a Indianapolis :
|b T. Audel,
|c [1984]
|
| 264 |
|
4 |
|c ©1984
|
| 300 |
|
|
|a 655 pages :
|b illustrations ;
|c 22 cm.
|
| 336 |
|
|
|a text
|b txt
|2 rdacontent
|
| 337 |
|
|
|a unmediated
|b n
|2 rdamedia
|
| 338 |
|
|
|a volume
|b nc
|2 rdacarrier
|
| 500 |
|
|
|a Includes index.
|
| 650 |
|
0 |
|a Electrical engineering
|x Insurance requirements.
|
| 650 |
|
0 |
|a Electric wiring.
|
| 710 |
2 |
2 |
|a National Fire Protection Association.
|t National Electrical Code, 1984.
|
| 999 |
|
|
|a MARS
|
| 999 |
f |
f |
|s cf64c25f-2035-3a1b-a2ea-03ce03c4d132
|i cf9b3036-b9d4-3b97-bc57-e9c199479fee
|t 0
|
| 952 |
f |
f |
|p ric
|a Texas A&M University
|b Rellis Campus
|c Joint Library Facility
|d Remote Storage
|t 0
|e TK260 .P33 1984
|h Library of Congress classification
|i unmediated -- volume
|m A14809173093
|
| 998 |
f |
f |
|a TK260 .P33 1984
|t 0
|l Remote Storage
|